000 00733nam a2200229Ii 4500
003 JO-AjNU
008 230605s9999||||xx |||||||||||||| ||und||
017 _a2006/15720
020 _a977-379-011-7
040 _aJO-AjNU
_bara
_erda
_cJO-AjNU
041 _aara
050 1 4 _aT58.6.S226.2007
100 3 _aصابر،محمد عبدالعليم,
_eauthor
_932229
245 0 0 _aنظم المعلومات الادارية
250 _aط1
264 3 1 _aالاسكندرية:دار الفكر الجامعي ،2007
300 _a272ص
336 _atext
_btxt
_2rdacontent
337 _aunmediated
_bn
_2rdamedia
338 _avolume
_bnc
_2rdacarrier
650 4 _aنظم المعلومات الادارية -ادارة
_932230
999 _aA12985
_c16553
_d16553